[Event "European Women's Championship"]
[Site "Vysoke Tatry"]
[Date "2018.04.17"]
[Round "9"]
[White "Balajayeva, Khanim"]
[Black "Tsolakidou, Stavroula"]
[Result "1/2-1/2"]
[Board "33"]
[WhiteElo "2348"]
[WhiteTitle "WFM"]
[WhiteCountry "AZE"]
[WhiteFideId "13406396"]
[WhiteEloChange "2"]
[BlackElo "2430"]
[BlackTitle "WGM"]
[BlackCountry "GRE"]
[BlackFideId "4264312"]
[BlackEloChange "-1"]

1. e4 {[%clk 1:30:59]} c5 {[%clk 1:30:56]} 2. c3 {[%clk 1:31:25]} d5 {[%clk
1:31:20]} 3. exd5 {[%clk 1:31:52]} Qxd5 {[%clk 1:31:45]} 4. d4 {[%clk 1:32:17]}
Nf6 {[%clk 1:32:10]} 5. Nf3 {[%clk 1:32:43]} Bg4 {[%clk 1:32:34]} 6. Nbd2 {[%clk
1:32:57]} Nc6 {[%clk 1:32:30]} 7. Bc4 {[%clk 1:32:45]} Bxf3 {[%clk 1:32:44]} 8.
Qb3 {[%clk 1:32:32]} Na5 {[%clk 1:33:08]} 9. Qb5+ {[%clk 1:32:01]} Qd7 {[%clk
1:33:18]} 10. Nxf3 {[%clk 1:32:27]} Nxc4 {[%clk 1:33:35]} 11. Qxc4 {[%clk
1:32:55]} cxd4 {[%clk 1:33:39]} 12. Nxd4 {[%clk 1:33:10]} Rc8 {[%clk 1:33:02]}
13. Qb3 {[%clk 1:32:28]} g6 {[%clk 1:30:31]} 14. O-O {[%clk 1:13:20]} Bg7 {[%clk
1:28:13]} 15. Rd1 {[%clk 1:11:40]} a6 {[%clk 1:12:47]} 16. Nf3 {[%clk 1:05:57]}
Qc7 {[%clk 1:11:23]} 17. Qa4+ {[%clk 1:05:01]} Qc6 {[%clk 1:06:53]} 18. Qxc6+
{[%clk 0:58:43]} Rxc6 {[%clk 1:07:11]} 19. Bf4 {[%clk 0:53:26]} Nd7 {[%clk
0:59:05]} 20. Rd2 {[%clk 0:49:28]} Nb6 {[%clk 0:57:03]} 21. Rad1 {[%clk 0:45:03]}
O-O {[%clk 0:55:40]} 22. Re2 {[%clk 0:40:09]} e6 {[%clk 0:36:38]} 23. Kf1 {[%clk
0:39:22]} Nd5 {[%clk 0:34:10]} 24. Be5 {[%clk 0:38:34]} Bh6 {[%clk 0:30:57]} 25.
h4 {[%clk 0:33:22]} Rfc8 {[%clk 0:30:29]} 26. g4 {[%clk 0:30:58]} b5 {[%clk
0:23:35]} 27. a3 {[%clk 0:28:11]} Bf8 {[%clk 0:23:15]} 28. g5 {[%clk 0:25:52]} h6
{[%clk 0:22:35]} 29. Nd2 {[%clk 0:21:54]} Bg7 {[%clk 0:22:08]} 30. Nf3 {[%clk
0:17:38]} Rc4 {[%clk 0:21:00]} 31. Nd4 {[%clk 0:15:43]} R8c5 {[%clk 0:16:38]} 32.
Bxg7 {[%clk 0:08:12]} Kxg7 {[%clk 0:17:02]} 33. Nb3 {[%clk 0:07:48]} Rxh4 {[%clk
0:16:39]} 34. gxh6+ {[%clk 0:06:14]} Rxh6 {[%clk 0:16:02]} 35. Nxc5 {[%clk
0:05:36]} Rh1+ {[%clk 0:16:27]} 36. Kg2 {[%clk 0:06:05]} Rxd1 {[%clk 0:16:48]}
37. Rc2 {[%clk 0:04:47]} Nf4+ {[%clk 0:12:21]} 38. Kg3 {[%clk 0:03:49]} Nh5+
{[%clk 0:12:26]} 39. Kf3 {[%clk 0:03:40]} Rd6 {[%clk 0:12:37]} 40. c4 {[%clk
0:33:12]} e5 {[%clk 0:34:36]} 41. Nb7 {[%clk 0:29:28]} Rb6 {[%clk 0:28:29]} 42.
Na5 {[%clk 0:29:43]} bxc4 {[%clk 0:28:52]} 43. Nxc4 {[%clk 0:30:08]} Re6 {[%clk
0:29:04]} 44. Na5 {[%clk 0:27:28]} e4+ {[%clk 0:24:05]} 45. Ke3 {[%clk 0:26:02]}
Nf6 {[%clk 0:13:15]} 46. Nb3 {[%clk 0:22:05]} Ng4+ {[%clk 0:12:47]} 47. Kf4
{[%clk 0:20:45]} e3 {[%clk 0:12:10]} 48. fxe3 {[%clk 0:20:15]} Nxe3 {[%clk
0:12:32]} 49. Rd2 {[%clk 0:20:26]} Nc4 {[%clk 0:11:21]} 50. Rc2 {[%clk 0:20:37]}
Rb6 {[%clk 0:07:11]} 51. Rxc4 {[%clk 0:20:18]} Rxb3 {[%clk 0:07:36]} 52. Rc6
{[%clk 0:20:46]} Rxb2 {[%clk 0:07:29]} 53. Rxa6 {[%clk 0:21:12]} f5 {[%clk
0:07:19]} 54. Ra8 {[%clk 0:20:15]} Rc2 {[%clk 0:06:28]} 55. a4 {[%clk 0:19:53]}
Rc4+ {[%clk 0:06:53]} 56. Kf3 {[%clk 0:18:54]} Kf6 {[%clk 0:04:07]} 57. a5 {[%clk
0:19:19]} Rc3+ {[%clk 0:04:17]} 58. Kf2 {[%clk 0:18:48]} Kg5 {[%clk 0:00:55]} 59.
a6 {[%clk 0:19:14]} f4 {[%clk 0:00:38]} 60. a7 {[%clk 0:19:18]} Ra3 {[%clk
0:00:45]} 61. Kg2 {[%clk 0:18:07]} Ra2+ {[%clk 0:01:02]} 62. Kf3 {[%clk 0:18:18]}
Ra3+ {[%clk 0:01:22]} 63. Kg2 {[%clk 0:17:18]} Kg4 {[%clk 0:01:15]} 64. Rg8
{[%clk 0:16:46]} Ra2+ {[%clk 0:01:27]} 65. Kg1 {[%clk 0:16:37]} Rxa7 {[%clk
0:01:50]} 66. Rxg6+ {[%clk 0:17:05]} Kf3 {[%clk 0:02:15]} 67. Rb6 {[%clk
0:17:23]} Ra1+ {[%clk 0:02:10]} 68. Kh2 {[%clk 0:17:50]} Ra2+ {[%clk 0:02:07]}
69. Kg1 {[%clk 0:17:36]} Kg3 {[%clk 0:02:33]} 70. Rg6+ {[%clk 0:16:33]} Kf3
{[%clk 0:02:59]} 71. Rb6 {[%clk 0:17:00]} Ra1+ {[%clk 0:02:56]} 72. Kh2 {[%clk
0:17:26]} Re1 {[%clk 0:03:23]} 73. Ra6 {[%clk 0:14:34]} Kf2 {[%clk 0:03:22]} 74.
Ra2+ {[%clk 0:14:38]} Re2 {[%clk 0:03:48]} 75. Ra1 {[%clk 0:13:32]} f3 {[%clk
0:04:10]} 76. Rb1 {[%clk 0:10:18]} Re3 {[%clk 0:03:14]} 77. Ra1 {[%clk 0:06:17]}
Re7 {[%clk 0:01:06]} 78. Ra2+ {[%clk 0:06:35]} Re2 {[%clk 0:01:23]} 79. Ra1
{[%clk 0:07:02]} Rd2 {[%clk 0:00:59]} 80. Rb1 {[%clk 0:06:33]} Rd7 {[%clk
0:01:15]} 81. Rb2+ {[%clk 0:06:33]} Ke3 {[%clk 0:01:39]} 82. Rb1 {[%clk 0:05:14]}
f2 {[%clk 0:00:45]} 83. Kg2 {[%clk 0:04:06]} Rg7+ {[%clk 0:01:10]} 84. Kh2 {[%clk
0:04:27]} Rf7 {[%clk 0:00:38]} 85. Kg2 {[%clk 0:04:51]} Rg7+ {[%clk 0:01:02]} 86.
Kh2 {[%clk 0:05:18]} Rd7 {[%clk 0:00:38]} 87. Kg2 {[%clk 0:05:36]} Rg7+ {[%clk
0:00:52]} 88. Kh2 {[%clk 0:06:03]} Rb7 {[%clk 0:01:13]} 89. Ra1 {[%clk 0:05:58]}
Ra7 {[%clk 0:00:47]} 90. Rb1 {[%clk 0:06:10]} Ra3 {[%clk 0:00:34]} 91. Kg2 {[%clk
0:06:27]} Rd3 {[%clk 0:00:35]} 92. Kf1 {[%clk 0:06:07]} Kf3 {[%clk 0:00:35]} 93.
Rb3 {[%clk 0:06:26]} Re3 {[%clk 0:01:00]} 94. Rb1 {[%clk 0:06:37]} Rc3 {[%clk
0:00:38]} 95. Rb3 {[%clk 0:06:54]} Rxb3 {[%clk 0:01:05]} 1/2-1/2

[Event "European Women's Championship"]
[Site "Vysoke Tatry"]
[Date "2018.04.17"]
[Round "9"]
[White "Socko, Monika"]
[Black "Injac, Teodora"]
[Result "1-0"]
[Board "34"]
[WhiteElo "2471"]
[WhiteTitle "GM"]
[WhiteCountry "POL"]
[WhiteFideId "1106619"]
[WhiteEloChange "3"]
[BlackElo "2290"]
[BlackTitle "WIM"]
[BlackCountry "SRB"]
[BlackFideId "932400"]
[BlackEloChange "-5"]

1. d4 {[%clk 1:30:56]} Nf6 {[%clk 1:30:49]} 2. c4 {[%clk 1:31:22]} g6 {[%clk
1:31:14]} 3. Nf3 {[%clk 1:31:47]} Bg7 {[%clk 1:31:29]} 4. g3 {[%clk 1:32:09]} O-O
{[%clk 1:31:15]} 5. Bg2 {[%clk 1:32:36]} d6 {[%clk 1:29:53]} 6. O-O {[%clk
1:33:00]} Nbd7 {[%clk 1:29:34]} 7. Qc2 {[%clk 1:33:24]} e5 {[%clk 1:27:58]} 8.
Rd1 {[%clk 1:33:50]} Qe7 {[%clk 1:20:11]} 9. Nc3 {[%clk 1:34:06]} c6 {[%clk
1:19:05]} 10. b3 {[%clk 1:34:23]} Re8 {[%clk 1:13:34]} 11. e3 {[%clk 1:33:52]}
Nf8 {[%clk 1:05:58]} 12. e4 {[%clk 1:33:25]} exd4 {[%clk 0:46:46]} 13. Nxd4
{[%clk 1:33:48]} Ne6 {[%clk 0:47:02]} 14. Nxe6 {[%clk 1:29:18]} Bxe6 {[%clk
0:41:15]} 15. Ba3 {[%clk 1:28:03]} c5 {[%clk 0:34:46]} 16. Rd3 {[%clk 1:21:23]}
Ng4 {[%clk 0:27:44]} 17. Rad1 {[%clk 1:15:18]} Ne5 {[%clk 0:22:31]} 18. Rxd6
{[%clk 1:05:06]} Bg4 {[%clk 0:22:27]} 19. R1d5 {[%clk 1:04:34]} Nf3+ {[%clk
0:14:41]} 20. Bxf3 {[%clk 1:02:37]} Bxf3 {[%clk 0:15:06]} 21. Qd3 {[%clk
1:01:59]} Bg4 {[%clk 0:14:00]} 22. Bxc5 {[%clk 0:57:17]} Qc7 {[%clk 0:08:47]} 23.
Bd4 {[%clk 0:50:42]} Bf8 {[%clk 0:08:41]} 24. c5 {[%clk 0:45:34]} Bxd6 {[%clk
0:08:00]} 25. Rxd6 {[%clk 0:44:54]} Be6 {[%clk 0:07:54]} 26. Qd2 {[%clk 0:41:10]}
Qe7 {[%clk 0:06:44]} 27. Qf4 {[%clk 0:40:24]} Rac8 {[%clk 0:05:44]} 28. b4 {[%clk
0:32:53]} Bc4 {[%clk 0:04:09]} 29. Bf6 {[%clk 0:31:34]} Qf8 {[%clk 0:04:34]} 30.
Rd7 {[%clk 0:30:34]} b6 {[%clk 0:04:40]} 31. Bd4 {[%clk 0:30:27]} bxc5 {[%clk
0:03:54]} 32. bxc5 {[%clk 0:30:56]} Re6 {[%clk 0:03:24]} 33. Nd5 {[%clk 0:30:03]}
f5 {[%clk 0:01:32]} 34. Qh4 {[%clk 0:26:33]} h6 {[%clk 0:01:17]} 35. Nf6+ {[%clk
0:16:44]} Rxf6 {[%clk 0:01:42]} 36. Bxf6 {[%clk 0:17:06]} g5 {[%clk 0:00:51]} 37.
Bxg5 {[%clk 0:16:16]} Qe8 {[%clk 0:01:02]} 38. Rd4 {[%clk 0:15:23]} Qb5 {[%clk
0:01:01]} 39. Qxh6 {[%clk 0:14:28]} Qb1+ {[%clk 0:00:37]} 40. Bc1 {[%clk
0:44:57]} Bf7 {[%clk 0:30:47]} 41. exf5 {[%clk 0:43:54]} Qxf5 {[%clk 0:27:08]}
42. h3 {[%clk 0:43:59]} 1-0

[Event "European Women's Championship"]
[Site "Vysoke Tatry"]
[Date "2018.04.17"]
[Round "9"]
[White "Mamedjarova, Zeinab"]
[Black "Prudnykova, Olga"]
[Result "1-0"]
[Board "35"]
[WhiteElo "2355"]
[WhiteTitle "WGM"]
[WhiteCountry "AZE"]
[WhiteFideId "13401521"]
[WhiteEloChange "8"]
[BlackElo "2281"]
[BlackTitle "WIM"]
[BlackCountry "UKR"]
[BlackFideId "14121093"]
[BlackEloChange "-8"]

1. d4 {[%clk 1:30:56]} g6 {[%clk 1:30:49]} 2. g3 {[%clk 1:30:52]} Nf6 {[%clk
1:30:42]} 3. Bg2 {[%clk 1:31:14]} d5 {[%clk 1:31:00]} 4. Nf3 {[%clk 1:31:03]} Bg7
{[%clk 1:31:24]} 5. O-O {[%clk 1:31:27]} O-O {[%clk 1:31:51]} 6. b3 {[%clk
1:30:11]} c5 {[%clk 1:31:44]} 7. Bb2 {[%clk 1:30:15]} cxd4 {[%clk 1:32:02]} 8.
Nxd4 {[%clk 1:18:56]} e5 {[%clk 1:31:29]} 9. Nf3 {[%clk 1:17:13]} e4 {[%clk
1:31:53]} 10. Nd4 {[%clk 1:17:14]} Nc6 {[%clk 1:32:00]} 11. Qc1 {[%clk 0:58:11]}
Qb6 {[%clk 1:21:48]} 12. Nxc6 {[%clk 0:57:19]} bxc6 {[%clk 1:22:07]} 13. c4
{[%clk 0:56:55]} Re8 {[%clk 1:11:07]} 14. Na3 {[%clk 0:42:12]} Bg4 {[%clk
1:02:39]} 15. Re1 {[%clk 0:34:23]} Rad8 {[%clk 1:01:41]} 16. h3 {[%clk 0:29:48]}
Be6 {[%clk 0:54:07]} 17. cxd5 {[%clk 0:26:57]} cxd5 {[%clk 0:54:22]} 18. e3
{[%clk 0:27:10]} Rc8 {[%clk 0:46:01]} 19. Qd2 {[%clk 0:23:46]} Nd7 {[%clk
0:46:08]} 20. Bxg7 {[%clk 0:23:39]} Kxg7 {[%clk 0:46:34]} 21. Nc2 {[%clk
0:23:02]} Ne5 {[%clk 0:39:54]} 22. Nd4 {[%clk 0:23:11]} Nd3 {[%clk 0:39:48]} 23.
Red1 {[%clk 0:21:33]} Rc7 {[%clk 0:39:19]} 24. f3 {[%clk 0:09:05]} exf3 {[%clk
0:35:35]} 25. Bxf3 {[%clk 0:06:46]} Bf5 {[%clk 0:28:00]} 26. Bxd5 {[%clk
0:05:26]} Nb4 {[%clk 0:25:50]} 27. Bg2 {[%clk 0:05:22]} Nc2 {[%clk 0:22:34]} 28.
g4 {[%clk 0:01:41]} Nxe3 {[%clk 0:11:23]} 29. Re1 {[%clk 0:01:24]} Nxg2 {[%clk
0:04:36]} 30. Rxe8 {[%clk 0:01:09]} Rc2 {[%clk 0:05:02]} 31. Qd1 {[%clk 0:00:37]}
Nf4 {[%clk 0:01:57]} 32. Re3 {[%clk 0:01:00]} Ne2+ {[%clk 0:01:55]} 33. Rxe2
{[%clk 0:01:02]} Rxe2 {[%clk 0:02:21]} 34. Qxe2 {[%clk 0:00:35]} Qxd4+ {[%clk
0:02:44]} 35. Kh2 {[%clk 0:00:42]} Bd3 {[%clk 0:01:16]} 36. Qe1 {[%clk 0:00:47]}
Qb2+ {[%clk 0:00:31]} 37. Kg3 {[%clk 0:00:39]} Be2 {[%clk 0:00:32]} 38. Rc1
{[%clk 0:00:32]} Qe5+ {[%clk 0:00:46]} 39. Kf2 {[%clk 0:00:34]} Qh2+ {[%clk
0:01:12]} 40. Ke3 {[%clk 0:30:59]} Bb5 {[%clk 0:30:31]} 41. Kd4 {[%clk 0:25:25]}
Qd6+ {[%clk 0:27:41]} 42. Kc3 {[%clk 0:25:02]} a6 {[%clk 0:22:14]} 43. Kb2 {[%clk
0:23:56]} Qh2+ {[%clk 0:20:18]} 44. Rc2 {[%clk 0:24:02]} Qf4 {[%clk 0:18:30]} 45.
Qc3+ {[%clk 0:22:45]} Kh6 {[%clk 0:16:25]} 46. Qd2 {[%clk 0:20:55]} Kg5 {[%clk
0:14:26]} 47. Rc5+ {[%clk 0:13:01]} f5 {[%clk 0:14:51]} 48. Qd8+ {[%clk 0:11:37]}
Kh6 {[%clk 0:15:16]} 49. Rxf5 {[%clk 0:11:22]} 1-0

[Event "European Women's Championship"]
[Site "Vysoke Tatry"]
[Date "2018.04.17"]
[Round "9"]
[White "Sargsyan, Anna M."]
[Black "Cosma, Elena-Luminita"]
[Result "1/2-1/2"]
[Board "36"]
[WhiteElo "2276"]
[WhiteTitle "WFM"]
[WhiteCountry "ARM"]
[WhiteFideId "13308130"]
[WhiteEloChange "2"]
[BlackElo "2340"]
[BlackTitle "WGM"]
[BlackCountry "ROU"]
[BlackFideId "1201590"]
[BlackEloChange "-2"]

1. e4 {[%clk 1:30:57]} e6 {[%clk 1:30:43]} 2. d4 {[%clk 1:31:22]} d5 {[%clk
1:31:09]} 3. Nd2 {[%clk 1:31:49]} Nf6 {[%clk 1:30:39]} 4. e5 {[%clk 1:32:13]}
Nfd7 {[%clk 1:31:06]} 5. Bd3 {[%clk 1:32:38]} c5 {[%clk 1:31:28]} 6. c3 {[%clk
1:33:05]} b6 {[%clk 1:29:51]} 7. f4 {[%clk 1:30:28]} Ba6 {[%clk 1:26:44]} 8. Ndf3
{[%clk 1:27:35]} Bxd3 {[%clk 1:25:11]} 9. Qxd3 {[%clk 1:28:03]} Nc6 {[%clk
1:25:34]} 10. Ne2 {[%clk 1:25:30]} Rc8 {[%clk 1:20:55]} 11. f5 {[%clk 1:14:07]}
cxd4 {[%clk 1:16:22]} 12. fxe6 {[%clk 1:13:10]} fxe6 {[%clk 1:16:34]} 13. Nexd4
{[%clk 1:12:03]} Nc5 {[%clk 1:09:47]} 14. Qe2 {[%clk 1:10:15]} Nxd4 {[%clk
0:52:06]} 15. cxd4 {[%clk 1:09:23]} Ne4 {[%clk 0:52:10]} 16. O-O {[%clk 1:09:40]}
Be7 {[%clk 0:42:02]} 17. Nd2 {[%clk 1:09:23]} Rf8 {[%clk 0:26:43]} 18. Rxf8+
{[%clk 0:56:24]} Kxf8 {[%clk 0:26:11]} 19. Nxe4 {[%clk 0:55:56]} dxe4 {[%clk
0:26:38]} 20. Qxe4 {[%clk 0:56:02]} Kg8 {[%clk 0:26:57]} 21. Be3 {[%clk 0:54:54]}
Bg5 {[%clk 0:25:46]} 22. Bxg5 {[%clk 0:41:12]} Qxg5 {[%clk 0:26:10]} 23. Rf1
{[%clk 0:41:33]} h6 {[%clk 0:20:53]} 24. h4 {[%clk 0:34:41]} Qd2 {[%clk 0:14:33]}
25. Kh2 {[%clk 0:27:29]} Kh8 {[%clk 0:09:01]} 26. Rf7 {[%clk 0:26:36]} Rg8 {[%clk
0:07:12]} 27. Rxa7 {[%clk 0:26:02]} Qxb2 {[%clk 0:07:36]} 28. Qg4 {[%clk
0:26:11]} b5 {[%clk 0:06:29]} 29. a3 {[%clk 0:26:23]} Qc3 {[%clk 0:05:13]} 30.
Rb7 {[%clk 0:21:32]} Qxa3 {[%clk 0:05:16]} 31. Qxe6 {[%clk 0:19:55]} Qc3 {[%clk
0:03:53]} 32. Qg4 {[%clk 0:19:21]} b4 {[%clk 0:03:08]} 33. e6 {[%clk 0:17:54]}
Qc6 {[%clk 0:02:49]} 34. Rd7 {[%clk 0:16:59]} b3 {[%clk 0:01:41]} 35. d5 {[%clk
0:15:14]} Qb6 {[%clk 0:02:05]} 36. e7 {[%clk 0:14:20]} Qf6 {[%clk 0:01:50]} 37.
Qg3 {[%clk 0:13:40]} b2 {[%clk 0:01:27]} 38. Rb7 {[%clk 0:14:06]} b1Q {[%clk
0:01:17]} 39. Rxb1 {[%clk 0:14:30]} Qxe7 {[%clk 0:01:43]} 40. d6 {[%clk 0:44:26]}
Qd7 {[%clk 0:31:49]} 41. Kh1 {[%clk 0:41:45]} Rd8 {[%clk 0:29:50]} 42. Rd1 {[%clk
0:39:43]} Qf5 {[%clk 0:29:14]} 43. Qe3 {[%clk 0:36:51]} Rd7 {[%clk 0:28:24]} 44.
Rd4 {[%clk 0:36:07]} Kh7 {[%clk 0:24:56]} 45. Qd2 {[%clk 0:36:19]} Kg8 {[%clk
0:15:36]} 46. Qc3 {[%clk 0:35:13]} Qf1+ {[%clk 0:12:38]} 47. Kh2 {[%clk 0:35:35]}
Qf5 {[%clk 0:13:05]} 48. Qc4+ {[%clk 0:34:51]} Qf7 {[%clk 0:10:48]} 49. Qc6
{[%clk 0:33:33]} Qf5 {[%clk 0:10:20]} 50. Qc3 {[%clk 0:28:27]} Qe5+ {[%clk
0:10:09]} 51. g3 {[%clk 0:28:02]} Qe2+ {[%clk 0:03:35]} 52. Kh3 {[%clk 0:24:54]}
Qf1+ {[%clk 0:04:00]} 53. Kh2 {[%clk 0:25:16]} Qf2+ {[%clk 0:04:06]} 54. Kh3
{[%clk 0:25:41]} Qf1+ {[%clk 0:04:11]} 55. Kh2 {[%clk 0:26:08]} Qf2+ {[%clk
0:03:31]} 1/2-1/2

[Event "European Women's Championship"]
[Site "Vysoke Tatry"]
[Date "2018.04.17"]
[Round "9"]
[White "Gara, Ticia"]
[Black "Maltsevskaya, Aleksandra"]
[Result "1-0"]
[Board "37"]
[WhiteElo "2330"]
[WhiteTitle "WGM"]
[WhiteCountry "HUN"]
[WhiteFideId "717444"]
[WhiteEloChange "7"]
[BlackElo "2237"]
[BlackCountry "RUS"]
[BlackFideId "24174041"]
[BlackEloChange "-7"]

1. Nf3 {[%clk 1:30:57]} Nf6 {[%clk 1:30:53]} 2. g3 {[%clk 1:31:19]} g6 {[%clk
1:31:18]} 3. Bg2 {[%clk 1:31:41]} Bg7 {[%clk 1:31:39]} 4. O-O {[%clk 1:31:37]}
O-O {[%clk 1:32:02]} 5. d4 {[%clk 1:31:58]} d6 {[%clk 1:32:25]} 6. b3 {[%clk
1:32:21]} Bf5 {[%clk 1:32:30]} 7. Bb2 {[%clk 1:32:22]} Qc8 {[%clk 1:32:52]} 8. c4
{[%clk 1:32:13]} Na6 {[%clk 1:32:37]} 9. Nc3 {[%clk 1:31:50]} c5 {[%clk 1:32:58]}
10. Qd2 {[%clk 1:31:12]} Nb4 {[%clk 1:16:28]} 11. Rac1 {[%clk 1:26:44]} Nc6
{[%clk 1:09:01]} 12. d5 {[%clk 1:19:56]} Nb4 {[%clk 1:06:57]} 13. Rfe1 {[%clk
1:15:43]} Be4 {[%clk 0:48:59]} 14. a3 {[%clk 1:13:26]} Na6 {[%clk 0:49:21]} 15.
Qe3 {[%clk 1:08:06]} Bf5 {[%clk 0:48:14]} 16. Qd2 {[%clk 0:49:47]} Be4 {[%clk
0:47:55]} 17. Qe3 {[%clk 0:50:01]} Bf5 {[%clk 0:48:17]} 18. Qd2 {[%clk 0:49:57]}
Be4 {[%clk 0:41:52]} 19. Nxe4 {[%clk 0:46:54]} Nxe4 {[%clk 0:42:14]} 20. Qc2
{[%clk 0:47:21]} Bxb2 {[%clk 0:41:16]} 21. Qxb2 {[%clk 0:47:49]} Qf5 {[%clk
0:41:00]} 22. e3 {[%clk 0:45:36]} g5 {[%clk 0:37:38]} 23. Qc2 {[%clk 0:42:47]}
Qg6 {[%clk 0:36:44]} 24. Bf1 {[%clk 0:27:55]} f5 {[%clk 0:29:12]} 25. Bd3 {[%clk
0:28:04]} Qh5 {[%clk 0:27:27]} 26. Kg2 {[%clk 0:27:02]} Rf7 {[%clk 0:25:12]} 27.
h4 {[%clk 0:20:28]} Raf8 {[%clk 0:15:07]} 28. Nxg5 {[%clk 0:18:06]} Nxg5 {[%clk
0:15:22]} 29. hxg5 {[%clk 0:18:33]} Qxg5 {[%clk 0:15:37]} 30. Rh1 {[%clk
0:18:04]} Rf6 {[%clk 0:04:58]} 31. Rh4 {[%clk 0:17:18]} Nc7 {[%clk 0:02:26]} 32.
Rch1 {[%clk 0:17:03]} R8f7 {[%clk 0:02:55]} 33. Rh5 {[%clk 0:15:20]} Qg6 {[%clk
0:01:57]} 34. f4 {[%clk 0:15:23]} Qg7 {[%clk 0:01:37]} 35. Bxf5 {[%clk 0:12:35]}
h6 {[%clk 0:01:51]} 36. e4 {[%clk 0:12:01]} e6 {[%clk 0:01:25]} 37. dxe6 {[%clk
0:10:12]} Nxe6 {[%clk 0:01:50]} 38. Bxe6 {[%clk 0:10:38]} Rxe6 {[%clk 0:02:14]}
39. f5 {[%clk 0:10:17]} Ref6 {[%clk 0:02:19]} 40. Qd2 {[%clk 0:39:57]} Kh7 {[%clk
0:32:20]} 41. R1h4 {[%clk 0:34:26]} Re7 {[%clk 0:27:18]} 42. Kf3 {[%clk 0:32:11]}
d5 {[%clk 0:26:26]} 43. cxd5 {[%clk 0:30:04]} Rb6 {[%clk 0:26:38]} 44. Kg2 {[%clk
0:24:19]} c4 {[%clk 0:26:00]} 45. d6 {[%clk 0:23:32]} Rxb3 {[%clk 0:17:32]} 46.
Rxh6+ {[%clk 0:23:00]} Kg8 {[%clk 0:17:56]} 47. Qd5+ {[%clk 0:21:49]} Rf7 {[%clk
0:18:20]} 48. Rh8+ {[%clk 0:21:53]} 1-0

[Event "European Women's Championship"]
[Site "Vysoke Tatry"]
[Date "2018.04.17"]
[Round "9"]
[White "Charochkina, Daria"]
[Black "Solozhenkina, Elizaveta"]
[Result "1-0"]
[Board "38"]
[WhiteElo "2326"]
[WhiteTitle "IM"]
[WhiteCountry "RUS"]
[WhiteFideId "4180917"]
[WhiteEloChange "7"]
[BlackElo "2236"]
[BlackTitle "WIM"]
[BlackCountry "RUS"]
[BlackFideId "34106615"]
[BlackEloChange "-7"]

1. e4 {[%clk 1:30:59]} c5 {[%clk 1:30:49]} 2. c3 {[%clk 1:31:21]} d5 {[%clk
1:30:34]} 3. exd5 {[%clk 1:31:47]} Qxd5 {[%clk 1:31:00]} 4. Na3 {[%clk 1:32:13]}
Nc6 {[%clk 1:25:12]} 5. Nf3 {[%clk 1:32:08]} Bf5 {[%clk 1:18:38]} 6. Bc4 {[%clk
1:31:58]} Qd7 {[%clk 1:14:33]} 7. O-O {[%clk 1:30:36]} e6 {[%clk 1:11:27]} 8. Bb5
{[%clk 1:26:27]} Nge7 {[%clk 1:02:59]} 9. Nc4 {[%clk 1:08:57]} Qc7 {[%clk
0:47:16]} 10. d4 {[%clk 1:08:16]} Rd8 {[%clk 0:45:19]} 11. Qe2 {[%clk 1:08:29]}
a6 {[%clk 0:31:04]} 12. Bxc6+ {[%clk 1:08:54]} Qxc6 {[%clk 0:26:25]} 13. Nce5
{[%clk 1:03:37]} Qc8 {[%clk 0:26:19]} 14. g4 {[%clk 0:33:11]} Bg6 {[%clk
0:25:38]} 15. dxc5 {[%clk 0:33:37]} Qxc5 {[%clk 0:20:32]} 16. Bg5 {[%clk
0:28:49]} f6 {[%clk 0:17:39]} 17. Rad1 {[%clk 0:24:40]} Rxd1 {[%clk 0:12:09]} 18.
Rxd1 {[%clk 0:25:07]} fxe5 {[%clk 0:07:29]} 19. Nxe5 {[%clk 0:25:34]} Qc8 {[%clk
0:04:22]} 20. Nc4 {[%clk 0:21:48]} Ng8 {[%clk 0:03:31]} 21. Rd8+ {[%clk 0:19:47]}
Qxd8 {[%clk 0:03:59]} 22. Bxd8 {[%clk 0:20:12]} Kxd8 {[%clk 0:04:26]} 23. Qf3
{[%clk 0:16:28]} Bc5 {[%clk 0:03:07]} 24. Qxb7 {[%clk 0:16:18]} Ne7 {[%clk
0:02:09]} 25. b4 {[%clk 0:13:40]} Bxf2+ {[%clk 0:00:52]} 26. Kxf2 {[%clk
0:14:06]} Rf8+ {[%clk 0:01:18]} 27. Kg3 {[%clk 0:14:23]} Rf1 {[%clk 0:00:53]} 28.
Qb8+ {[%clk 0:13:03]} Nc8 {[%clk 0:01:02]} 29. Nb6 {[%clk 0:13:11]} 1-0

[Event "European Women's Championship"]
[Site "Vysoke Tatry"]
[Date "2018.04.17"]
[Round "9"]
[White "Sucikova, Svetlana"]
[Black "Belenkaya, Dina"]
[Result "1/2-1/2"]
[Board "39"]
[WhiteElo "2107"]
[WhiteTitle "WFM"]
[WhiteCountry "SVK"]
[WhiteFideId "14923653"]
[WhiteEloChange "5"]
[BlackElo "2308"]
[BlackTitle "WGM"]
[BlackCountry "RUS"]
[BlackFideId "24142654"]
[BlackEloChange "-5"]

1. Nf3 {[%clk 1:30:48]} d5 {[%clk 1:30:20]} 2. d4 {[%clk 1:30:49]} Nf6 {[%clk
1:30:46]} 3. Bf4 {[%clk 1:30:38]} e6 {[%clk 1:30:50]} 4. e3 {[%clk 1:30:25]} c5
{[%clk 1:31:16]} 5. Nbd2 {[%clk 1:29:18]} Nc6 {[%clk 1:31:12]} 6. c3 {[%clk
1:28:53]} Bd6 {[%clk 1:31:33]} 7. Bg3 {[%clk 1:28:11]} O-O {[%clk 1:30:59]} 8.
Be2 {[%clk 1:28:31]} b6 {[%clk 1:31:15]} 9. O-O {[%clk 1:27:50]} Bb7 {[%clk
1:31:08]} 10. Re1 {[%clk 1:25:38]} Qc7 {[%clk 1:28:18]} 11. Rc1 {[%clk 1:23:27]}
Bxg3 {[%clk 1:20:40]} 12. hxg3 {[%clk 1:23:46]} Rad8 {[%clk 1:21:03]} 13. Qa4
{[%clk 1:22:16]} a6 {[%clk 1:16:14]} 14. dxc5 {[%clk 1:08:18]} bxc5 {[%clk
1:15:54]} 15. Qh4 {[%clk 1:04:37]} Ne7 {[%clk 1:11:23]} 16. Qa4 {[%clk 0:59:47]}
e5 {[%clk 1:09:57]} 17. Nb3 {[%clk 0:57:15]} Qd6 {[%clk 0:50:59]} 18. Qa3 {[%clk
0:53:47]} Ne4 {[%clk 0:47:38]} 19. Na5 {[%clk 0:53:11]} Ba8 {[%clk 0:47:37]} 20.
Red1 {[%clk 0:52:04]} Rb8 {[%clk 0:38:00]} 21. Nc4 {[%clk 0:46:27]} Qe6 {[%clk
0:22:34]} 22. Ncxe5 {[%clk 0:45:21]} Nf5 {[%clk 0:15:14]} 23. c4 {[%clk 0:33:24]}
d4 {[%clk 0:15:16]} 24. exd4 {[%clk 0:33:31]} Nxd4 {[%clk 0:15:22]} 25. Bd3
{[%clk 0:29:32]} f6 {[%clk 0:12:27]} 26. Nxd4 {[%clk 0:21:56]} Qxe5 {[%clk
0:12:16]} 27. Bxe4 {[%clk 0:22:03]} Qxe4 {[%clk 0:06:35]} 28. Nf3 {[%clk
0:22:25]} f5 {[%clk 0:05:41]} 29. Qxc5 {[%clk 0:20:10]} Rxb2 {[%clk 0:05:58]} 30.
Rd7 {[%clk 0:20:11]} Rb1 {[%clk 0:02:04]} 31. Rxb1 {[%clk 0:19:55]} Qxb1+ {[%clk
0:02:33]} 32. Kh2 {[%clk 0:20:14]} f4 {[%clk 0:02:58]} 33. Qg5 {[%clk 0:17:28]}
fxg3+ {[%clk 0:03:10]} 34. Qxg3 {[%clk 0:17:42]} Qg6 {[%clk 0:01:21]} 35. Qxg6
{[%clk 0:16:19]} hxg6 {[%clk 0:01:50]} 36. Ne5 {[%clk 0:16:41]} Rxf2 {[%clk
0:01:37]} 37. Rd8+ {[%clk 0:14:56]} 1/2-1/2